000 01289nam a2200325 i 4500
001 000022266
003 DO-SdBNP
005 20260321073640.0
007 ta
008 100921s1997 dr ac 000 0 spa d
040 _aDO-SdBNP
_bspa
_cBNPHU
_erda
082 4 _a972.93054
_bE56j
_222
100 1 _aEncarnación Jiménez, Pedro,
_d1959-
_92557
_eautor
245 1 0 _aJoaquín Balaguer y Juan Bosch :
_bprincipio y fin de un liderazgo político en Santo Domingo. Ensayo histórico paralelo /
_cPedro Encarnación Jiménez.
264 _aSanto Domingo :
_bEl Nuevo Diario
_c1997.
300 _a255 páginas :
_bretratos ;
_c22 cm.
336 _2rdamedia
_atexto
_btxt
337 _2rdamedia
_asin mediación
_bn
338 _2rdacarrier
_avolumen
_bnc
500 _aIncluye referencias bibliográficas y notas al pie de las páginas
500 _aIncluye datos biográficos del autor en la contracubierta.
504 _aBibliografías : p. 253-255
590 _aInventariado, 2019/VM
600 1 0 _a Balaguer, Joaquín,
_d1906-2002
_976556
600 1 0 _a Bosch, Juan,
_d1909-2001
_976555
650 4 _aPresidentes
_zRepública Dominicana
_vBiografías
_91288
650 4 _aAutores domicanos
_ySiglo XX
_vBiografías
_946017
910 _aValidado. Control de calidad MFF
942 _2ddc
_cLBS1
999 _c21764
_d21764